Smallest Countries with at Least Two Borders - Statistics

General Stats
  • This quiz has been taken 181 times
  • The average score is 14 of 20
Answer Stats
sq km Country % Correct
468 Andorra
97%
160 Liechtenstein
94%
2,586 Luxembourg
93%
10,887 Kosovo
76%
22,966 Belize
75%
25,713 North Macedonia
73%
13,812 Montenegro
72%
21,041 El Salvador
71%
17,818 Kuwait
70%
17,364 Eswatini
69%
20,770 Israel
67%
10,452 Lebanon
67%
23,200 Djibouti
64%
20,273 Slovenia
64%
27,834 Burundi
63%
26,338 Rwanda
63%
30,528 Belgium
59%
28,051 Equatorial Guinea
55%
28,748 Albania
53%
29,743 Armenia
53%
No matching quizzes found
Score Distribution
Percent of People with Each Score
Percentile by Number Answered
Your Score History
You have not taken this quiz